| 000 | 00701nam a2200241 a 4500 | ||
|---|---|---|---|
| 001 | 17784 | ||
| 003 | CO-ViMGA | ||
| 008 | 141112s2004 ck r 000 u spa d | ||
| 020 | _a8432981281 | ||
| 040 |
_aCO-ViMGA _bspa _cCO-ViMGA |
||
| 082 | 0 | 4 | _a747.93 T215d |
| 100 | 1 |
_aThalheim, Ivonne; Nadolny, Harald _925229 |
|
| 245 | 1 | 0 | _aDecoración de ventanas para navidad |
| 260 |
_aBarcelona (España), _cCeac, _c1990 |
||
| 300 | _a31.p. | ||
| 490 | _aHobby creativo | ||
| 500 | _aCon patrones tamaño natural. | ||
| 590 | _aForma de adquisición : Premio - Mincultura | ||
| 650 | 1 | 4 | _aARREGLOS NAVIDEÑOS |
| 650 | 1 | 4 | _aDECORACION DE INTERIORES |
| 650 | 1 | 4 | _aTRABAJOS MANUALES |
| 942 |
_2ddc _cBK |
||
| 999 |
_c27257 _d27257 |
||